Liesky na vŕšku

Bibliographic Details
Main Author: Petrovský, Ľudovít, 1919-1996 (Author)
Format: Article
Language:Slovak
Subjects:

MARC

LEADER 00000nab a2200000 a 4500
001 vtls000147889
003 SK-MaSNL
005 20260302205858.0
008 111104c1983 xo 0 slo
015 |a SNBRB19rr/mm-uuuuu 
035 |a CL0157996 
040 |a SNKBUCL  |b slo  |c SNKBUCL  |e AACR2 
041 0 |a slo 
044 |a xo  |c SK 
080 |a 885.4-3  |2 1981 
100 1 |a Petrovský, Ľudovít,  |d 1919-1996  |4 aut  |9 145495 
245 1 0 |a Liesky na vŕšku  |c Ľudovít Petrovský 
500 |a V rubrike Poézia - próza - poézia. 
650 0 7 |a poviedky dedinské  |2 snkbucl  |9 901672 
650 0 7 |a poviedky o láske  |2 snkbucl  |9 902348 
655 7 |a články z novín a časopisov  |2 snkbucl  |9 267496 
655 7 |a články z odboru literárna veda a krásna literatúra  |2 snkbucl  |9 770045 
773 0 |t Ľud  |g Roč. 36, č. 99 (28. 4. 1983), s. /10/ 
850 |a Slovenská národná knižnica v Martine  |a MTA001 
852 |a SNK  |b KIS3GCP 
958 |a RK 
958 |a LX 
992 |a RBX 
999 |c 1479945  |d 1481875